| 000 | 00447nam a2200181Ia 4500 | ||
|---|---|---|---|
| 003 | GCL | ||
| 008 | 140319s9999 xx 000 0 eng d | ||
| 040 |
_aGCL / _cGCL |
||
| 082 | 0 | 4 |
_a843 _bM A |
| 100 | 1 | _aMORAND, POUL | |
| 245 | 1 | 0 |
_aAIR INDIAN / _cMORAND, POUL |
| 260 |
_a[S.N] : _bBERNARD GRASSET ، _c1989 |
||
| 300 | _a253 P | ||
| 490 |
_aLES CAHIERS ROUGES _v0 |
||
| 650 | 0 | 4 | _aLITERATURE |
| 650 | 0 | 4 | _aFRENCH LITERATURE |
| 942 |
_2ddc _cBK |
||
| 999 |
_c21552 _d21552 |
||